000 00669nam a2200253Ia 4500
003 OSt
005 20221007073850.0
006 a|||||r|||| 00| 0
007 ta
008 221006b |||||||| |||| 00| 0 eng d
024 _a35,829
037 _cTextual
040 _aFLL
_cFLL
_beng
041 _2eng
_aeng
082 _aZ2,801, P9
100 _aTakwani C.K.
_9294639
245 0 _aCivil procedure
250 _a6th
260 _aLucknow
_bEastern Book Company India
_c2009
300 _acxii;837p.
_ccm.
500 _areplace copy 7th ed. 2013 (Reprint 2016)
942 _hZ2,801, P9
_cTEXL
_2CC
999 _c1150189
_d1150189